000
00268nam a2200109Ia 4500
008
190216s9999||||xx |||||||||||||| ||und||
100
_a
Ramanathan.A
245
0
_a
Pure Plane And Solid Geometry
260
_b
Subbiah Chetty And Co
650
_a
Mathematics
942
_c
BK
999
_c
30553
_d
30553